<?xml version="1.0" encoding="UTF-8"?>
<record
    xmlns:xsi="http://www.w3.org/2001/XMLSchema-instance"
    xsi:schemaLocation="http://www.loc.gov/MARC21/slim http://www.loc.gov/standards/marcxml/schema/MARC21slim.xsd"
    xmlns="http://www.loc.gov/MARC21/slim">

  <leader>00995nam a2200205 i 4500</leader>
  <controlfield tag="001">157152</controlfield>
  <controlfield tag="003">ES-MaACL</controlfield>
  <controlfield tag="005">20251220190208.0</controlfield>
  <controlfield tag="008">000630s1851    sp           |||| | spa d</controlfield>
  <datafield tag="080" ind1=" " ind2=" ">
    <subfield code="a">061.235(460.27 M.).055.5</subfield>
  </datafield>
  <datafield tag="110" ind1="2" ind2=" ">
    <subfield code="a">Real Sociedad Econ&#xF3;mica Matritense de Amigos del Pa&#xED;s.</subfield>
    <subfield code="9">6389</subfield>
  </datafield>
  <datafield tag="245" ind1="1" ind2="0">
    <subfield code="a">Resumen hist&#xF3;rico de las tareas de la Sociedad Econ&#xF3;mica Matritense durante el a&#xF1;o 1850 / </subfield>
    <subfield code="c">por Ildefonso Larroche y Siera . </subfield>
    <subfield code="b">Discurso sobre el objeto y tendencias de las tareas de la misma sociedad / por Mateo Seoane.</subfield>
  </datafield>
  <datafield tag="260" ind1=" " ind2=" ">
    <subfield code="a">Madrid : </subfield>
    <subfield code="b">[s.n.], </subfield>
    <subfield code="c">1851 (</subfield>
    <subfield code="f">Imp. del Colegio de Sordo-Mudos)</subfield>
  </datafield>
  <datafield tag="300" ind1=" " ind2=" ">
    <subfield code="a">27 p. ; </subfield>
    <subfield code="c">21 cm.</subfield>
  </datafield>
  <datafield tag="610" ind1="2" ind2="7">
    <subfield code="a">Real Sociedad Econ&#xF3;mica Matritense de Amigos del Pa&#xED;s-</subfield>
    <subfield code="v">Memorias</subfield>
    <subfield code="2"></subfield>
    <subfield code="9">145026</subfield>
  </datafield>
  <datafield tag="700" ind1="1" ind2=" ">
    <subfield code="a">Larroche y Siera, Ildefonso.</subfield>
    <subfield code="9">128707</subfield>
  </datafield>
  <datafield tag="700" ind1="1" ind2=" ">
    <subfield code="a">Seoane, Mateo, </subfield>
    <subfield code="d">1791-1870</subfield>
    <subfield code="9">132650</subfield>
  </datafield>
  <datafield tag="852" ind1="4" ind2=" ">
    <subfield code="a">ES-MaACL</subfield>
    <subfield code="j">T-34-F-12       </subfield>
    <subfield code="z">- Enc. hol., falto de cub. original</subfield>
    <subfield code="z">- Enc. en un vol. facticio</subfield>
  </datafield>
  <datafield tag="999" ind1=" " ind2=" ">
    <subfield code="c">157152</subfield>
    <subfield code="d">157152</subfield>
  </datafield>
  <datafield tag="952" ind1=" " ind2=" ">
    <subfield code="0">0</subfield>
    <subfield code="1">0</subfield>
    <subfield code="4">0</subfield>
    <subfield code="7">0</subfield>
    <subfield code="8">Colecci&#xF3;n_de_folletos</subfield>
    <subfield code="a">ATENEOM</subfield>
    <subfield code="b">ATENEOM</subfield>
    <subfield code="c">DEPOF</subfield>
    <subfield code="d">2008-01-17</subfield>
    <subfield code="l">0</subfield>
    <subfield code="o">T-34-F-12</subfield>
    <subfield code="p">1164428</subfield>
    <subfield code="r">2023-02-23 00:00:00</subfield>
    <subfield code="w">2023-02-23</subfield>
    <subfield code="y">FOLLETOS</subfield>
  </datafield>
</record>
